Writings and drawings

"James Thurber: Writings and Drawings" shows Thurber off to best advantage. It's a great collection not only because Thurber was a wonderful humorist, but also because the pieces in here show the full range of what he could do. Included are humorous anecdotes, personal reflections, tr...

詳細記述

保存先:
書誌詳細
第一著者: Thurber, James
フォーマット: 図書
言語:Undetermined
出版事項: New York, NY The Library of America 1996
主題:
タグ: タグ追加
タグなし, このレコードへの初めてのタグを付けませんか!
Thư viện lưu trữ: Trung tâm Học liệu Trường Đại học Cần Thơ
LEADER 01008nam a2200205Ia 4500
001 CTU_125594
008 210402s9999 xx 000 0 und d
020 |c 23.10 
082 |a 818.5209 
082 |b T536 
100 |a Thurber, James 
245 0 |a Writings and drawings 
245 0 |c James Thurber; Edited by Garrison Keilor 
260 |a New York, NY 
260 |b The Library of America 
260 |c 1996 
520 |a "James Thurber: Writings and Drawings" shows Thurber off to best advantage. It's a great collection not only because Thurber was a wonderful humorist, but also because the pieces in here show the full range of what he could do. Included are humorous anecdotes, personal reflections, tributes, sad stories, fables fiction, and funny little cartoons -- it shows what a versatile writer he was. Not just a humorist, but a writer. 
650 |a Humorous stories, American,American wit and humor, Pictoral 
904 |i Minh 
980 |a Trung tâm Học liệu Trường Đại học Cần Thơ